Rozkvet elektronického obchodu medzi firmami

Bibliographic Details
Main Author: (js) (Author)
Format: Article
Language:Slovak
ISSN:1335-4701
Subjects:

MARC

LEADER 00000nab a2200000 a 4500
001 vtls000868473
003 SK-MaSNL
005 20260304232521.0
008 140301c2004 xo 0 slo
015 |a SNBRB2004/04-10901 
035 |a CLN000220025 
040 |a SNKBUCL  |b slo  |c SNKBUCL  |e AACR2 
041 0 |a slo 
044 |a xo  |c SK 
080 |a 339.162:004.738.5  |2 1997 
080 |a 004.738.5  |2 1997 
100 0 |a (js)  |4 aut  |9 786531 
245 1 0 |a Rozkvet elektronického obchodu medzi firmami  |c [autor] (js) 
650 0 7 |a elektronický obchod  |2 snkbucl  |9 3918 
655 7 |a články z novín a časopisov  |2 snkbucl  |9 267496 
773 0 |t Hospodárske noviny  |g Roč. 12, č. 12 (20.1.2004)  |x 1335-4701 
773 0 |t [Príl.] Informačné technológie  |g S. 24  |x 1335-4701 
850 |a Slovenská národná knižnica v Martine 
852 |a SNK  |b KIS3GCP 
992 |a RBX 
999 |c 3194113  |d 3196043